Germany's 2005 welfare reform evaluating key characteristics with a focus on immigrants /

Bibliographic Details
Main Author: Walter, Thomas, 1982-
Corporate Author: ProQuest (Firm)
Format: Thesis Electronic eBook
Language:English
Published: Heidelberg : Physica Verlag, c2013.
Series:ZEW economic studies ; 46.
Subjects:
Online Access:Click to View
LEADER 01645nam a2200421Ia 4500
001 EBC1083142
003 MiAaPQ
005 20200520144314.0
006 m o d |
007 cr cn|||||||||
008 120813s2013 gw a sb 000 0 eng d
010 |z  2012946917 
020 |z 3790828696 
020 |z 9783790828696 
020 |z 9783790828702 (ebook) 
035 |a (MiAaPQ)EBC1083142 
035 |a (Au-PeEL)EBL1083142 
035 |a (CaPaEBR)ebr10656773 
035 |a (CaONFJC)MIL422300 
035 |a (OCoLC)809548225 
040 |a MiAaPQ  |c MiAaPQ  |d MiAaPQ 
050 4 |a HV275  |b .W35 2013 
082 0 4 |a 361.680943  |2 23 
100 1 |a Walter, Thomas,  |d 1982- 
245 1 0 |a Germany's 2005 welfare reform  |h [electronic resource] :  |b evaluating key characteristics with a focus on immigrants /  |c Thomas Walter. 
260 |a Heidelberg :  |b Physica Verlag,  |c c2013. 
300 |a xi, 264 p. :  |b ill. 
490 1 |a ZEW economic studies,  |x 1615-6781 ;  |v v. 46 
502 |a Thesis (doctoral)--Zentrum fur Europaische Wirtschaftsforschung, 2012. 
504 |a Includes bibliographical references (p. 253-264). 
533 |a Electronic reproduction. Ann Arbor, MI : ProQuest, 2015. Available via World Wide Web. Access may be limited to ProQuest affiliated libraries. 
650 0 |a Public welfare  |x Law and legislation  |z Germany. 
650 0 |a Public welfare  |z Germany. 
651 0 |a Germany  |x Economic policy  |y 21st century. 
655 4 |a Electronic books. 
710 2 |a ProQuest (Firm) 
830 0 |a ZEW economic studies ;  |v 46.  |x 1615-6781. 
856 4 0 |u https://ebookcentral.proquest.com/lib/matrademy/detail.action?docID=1083142  |z Click to View